=LDR 00000nam 2200000 4500 =001 INLIS000000000038667 =005 20240219113743 =035 ##$$a 0010-061300000038667 =008 240219################g##########0#ind## =041 ##$$a Ind =082 ##$$a 364.13 =090 ##$$a 364.13, Har d =100 ##$$a Haryatmoko =245 1#$$a Dominasi penuh muslihat, : $b Akar kekerasan dan diskriminasi, /$c Haryatmoko =260 ##$$a Jakarta :$b Gramedia Pustaka Utama,$c 2010 =300 ##$$a xv,295 hlm, : $b - ; $c 23 x 15 cm. =650 #4$$a Kejahatan Politik =850 ##$$a NBPNMAT =020 ##$$a 978-979-22-5881-3 =084 ##$$a 364.13 HAR d =990 ##$$a 05100510 =990 ##$$a 21110503